000 00510nam a22001817a 4500
003 OSt
005 20260511145928.0
008 260511b |||||||| |||| 00| 0 eng d
020 _a9781739610203
040 _aKenya National Library Service
_erda
082 _a823.92 SUM
100 _aBrethren, Sole
_eauthor
245 _aSole Brethren :
_bif the shoe fits /
_cB.A summer
300 _a235 pages ;
_c23 cm.
650 _aMan - Women relationship
_vFiction
942 _2ddc
_cBK
_n0
999 _c492673
_d492673